| 000 | 00543nam a2200193Ia 4500 | ||
|---|---|---|---|
| 003 | LDD | ||
| 008 | 181029s9999 xx 000 0 und d | ||
| 020 |
_a8120614690 _c2245.00 |
||
| 040 | _cLDD | ||
| 100 | _aCowell, E.B. | ||
| 245 | 0 |
_aJataka or stories of Buddha's former births _cE.B. Cowell |
|
| 260 |
_aNew Delhi _bAES _c2006 |
||
| 300 | _a7v. | ||
| 365 | _b2245.00 | ||
| 901 |
_a8374 _b21-01-2012 |
||
| 902 |
_aAES/A-0486 _b27-01-2012 _cF _dAES _e95 |
||
| 903 |
_aDiscount-15 _bReqst by : Sangeeta Pandey |
||
| 942 |
_2ddc _cBK |
||
| 999 |
_c100873 _d100873 |
||